000 00201 a2200097 4500
020 _a9780064441346
041 _aeng
100 _aNancy Smiler Levinson
245 _aClara and the Bookwagon
942 _cK
999 _c27769
_d27769